Kuala Lumpur, Shah Alam, or George Town? - Statistics

General Stats
  • This quiz has been taken 33 times
  • The average score is 11 of 15
Answer Stats
Question Answer % Correct
Is on an island George Town
100%
Has the 2nd largest building in the world Kuala Lumpur
100%
Was once part of Kedah George Town
92%
Has the largest buddhist temple in Malaysia George Town
83%
Is located furthest west George Town
83%
Has the highest population Kuala Lumpur
83%
Named after a sultan Shah Alam
83%
Is the biggest city in Selangor Shah Alam
83%
Named after a monarch George Town
75%
Is in a federal territory Kuala Lumpur
75%
Is further south Shah Alam
75%
Houses the Agong / King of Malaysia Kuala Lumpur
58%
Has the largest mosque in Malaysia Shah Alam
50%
Is closest to Indonesia Shah Alam
50%
Was the first planned city in Malaysia after independence from Britain Shah Alam
33%
No matching quizzes found
Score Distribution
Percent of People with Each Score
Percentile by Number Answered
Your Score History
You have not taken this quiz